000 00456nam a2200181Ia 4500
008 090124s9999 xx 000 0 und d
082 _b101754
100 _aकाणेकर अनंत
245 _a घरकुल
250 _a1
260 _c1941
300 _a124
600 _aकाणेकर अनंत
630 _a घरकुल
700 _aकाणेकर अनंत
730 _a घरकुल
942 _cBOOK
999 _c147846
_d147846